Etiqueta de registo: 00254nam 2200025 450
001 2213838
003 http://id.bnportugal.gov.pt/bib/catbnp/2213838
010 ## $a978-989-40-2467-5
021 ## $aPT$b541329/24
100 ## $a20250505d2025 k y0pory01030103ba
101 0# $apor$aspa
102 ## $aPT
105 ## $ay z 000yy
106 ## $ar
200 1# $a A resolução de conflitos no direito administrativo$etópicos controversos$fcoord. Artur Flamínio da Silva$gautores Ana María de la Encarnación... [et al.]
210 #9 $aCoimbra$cAlmedina,$d2025
215 ## $a128 p.$d23 cm
225 2# $aRatio Iuris$v22
675 ## $a342.9(469)(042)$vBN$zpor$31272158
675 ## $a347.91(469)(042)$vBN$zpor$31406488
701 #1 $aEncarnación,$bAna María De La$4070$31954294
702 #1 $aSilva,$bArtur Flamínio da$4340$31655892
801 #0 $aPT$bBN$gRPC
856 41 $uhttp://rnod.bnportugal.gov.pt/ImagesBN/winlibimg.aspx?skey=&doc=2213838&img=208337&save=true
900 ## $aBIBNAC$d20250603
966 ## $lBN$mFGMON$sS.C. 166855 V.$x1
966 ## $lBN$mFGMON$sS.C. 166855 V.-D$x1
971 ## $cssilva$d20250509
972 ## $e0$z0$d20250603$viquintas
973 ## $cmlsousa$d20250528
Etiqueta de registo: 00254nam 2200025 450
001 2275523
003 http://id.bnportugal.gov.pt/bib/catbnp/2275523
010 ## $a978-989-40-3028-7
021 ## $aPT$b557750/25
100 ## $a20260304d2026 k y0pory01030103ba
101 0# $apor
102 ## $aPT
105 ## $ay z 000yy
106 ## $ar
200 1# $aDireito administrativo e tecnologia$fcoord. Artur Flamínio da Silva$gautores Ana María De La Encarnación
205 ## $a4ª ed
210 #9 $aCoimbra$cAlmedina,$d2026
215 ## $a416 p.$d23 cm
225 2# $aObras coletivas
675 ## $a342.9(469)(042)$vBN$zpor$31272158
675 ## $a004(469)(042)$vBN$zpor$31288966
701 #1 $aEncarnación,$bAna María De La$4070$31954294
702 #1 $aSilva,$bArtur Flamínio da$4340$31655892
801 #0 $aPT$bBN$gRPC
856 41 $uhttp://rnod.bnportugal.gov.pt/ImagesBN/winlibimg.aspx?skey=&doc=2275523&img=220643&save=true
900 ## $aBIBNAC$d20260401
966 ## $lBN$mFGMON$sS.C. 168817 V.$x1
966 ## $lBN$mFGMON$sS.C. 168817 V.-D$x1
971 ## $cisantos$d20260304
972 ## $e0$z0$d20260401$vasantos
973 ## $cmlsousa$d20260324